Gaming Quiz

Random Gaming Quiz

Dota barbie ! Quiz Stats

 Plays Quiz not verified by Sporcle

Challenge
Share
Tweet
Embed
Score 0/35 Timer 20:00
0 Plays Today
Question Answer Wrong Answers
Qui est le plus gros whiner possible et imaginable ? Tiguespa
91.7%
Pas tiguespa
8.3%
Qui continue a jouer Furion cliff toute meta confondu ? Zone
83.3%
Un pro
0%
Khao
0%
Yaga
0%
Qui a 1 000 game Offlane et ne tiens pas sa lane ? Lock
75%
Trixi
8.3%
Eme
8.3%
Doublay
8.3%
Qui a plus 8200h de jeux est ... reste nul ? Khao
75%
Onion
8.3%
Trixi de chez Fnatic
0%
Qui ne peut jouer que Wood ou Pos4 Zone
75%
Eme
0%
Raccon
8.3%
PIzza
0%
Qui ne peut pas tenir en 1v1 ? Pizza
75%
Onion
0%
Zboub
0%
Tiguespa
8.3%
Quel est le pire matchup contre Khao avec ca TA ? N'importe quel hero
75%
Lion
8.3%
Wind
0%
Invoker
0%
Qui garde une mango jusqu'a la 40eme ? Locke
75%
Eme
8.3%
Onion
0%
Khao
16.7%
Qui à eu la chance d'avoir un monosourcil dans sa jeunesse ? Khao
66.7%
Eme
0%
Toloot
0%
Les trois
8.3%
Qui à obtenu 4k mmr solo ? Eme
66.7%
Raccon
8.3%
Pizza
8.3%
Aucun
16.7%
Qui suis je : Je dois absolument avoir 2 supports sur ma ligne pour la gagner Pizza
66.7%
Zboub
0%
Onion
0%
Yaga
0%
Qui est le plus trash ? Ils se valent
66.7%
Pizza
8.3%
Eme
8.3%
Doublay
16.7%
“ Hey Khao t’as pas intérêt à faire ton build de merde “ De quel hero s’agit-il ? Sniper
66.7%
Troll
0%
Mirana
8.3%
Techies
8.3%
Qui à pas fait partie de la Barbie Lineup de maniéré officiel ? et qui a ragequit ofc suite à cette situation Khao
66.7%
Raccon
0%
Sleek-
0%
Youpiii
0%
Comment s'appelle le petit frère insupportable de Khao que l’on entend parfois sur Teamspeak ? Noam un nouveau bonbon. Noam
58.3%
Titouan
8.3%
Mathieu
0%
Courgette
0%
' Purge il a dit que ca passe ' Qui dit ca ? Khao
58.3%
Alpha
16.7%
Yaga
0%
Onion
0%
Qui a réussi à se faire ban 2fois de suite du Ts avec des insultes offertes par la maison BimBim
58.3%
Link
0%
Cancer
8.3%
Eme
16.7%
Qui à joué contre Khao en 1v1 et n'a jamais choper de rune en 25min de jeu ? Tiguespa
58.3%
Alpha
8.3%
Un pub en ranked
0%
un pub en unranked
16.7%
Qui a du mal a faire le ménage #vacancesàbordeaux Tiguespa
50%
Zone
8.3%
Zboub
8.3%
Onion
0%
Il ma joué 316 parties, il a 52% de WR , je suis un Invoker sous le contrôle de ... Alpha
41.7%
Khao
25%
Raccon
0%
PIzza
0%
Quel héros Pizza devrait arrêter de jouers pour toujours ? Invoker
41.7%
Naix
0%
Sven
0%
+90% du pull actuel de dota
25%
Quel épreuve semble être la plus dur ? Paris Bordeaux A/R avec Toloot et brut dans une Clio
41.7%
Jouer compétitifs a dota avec Pizza
16.7%
Faire KohLanta
0%
Une soirée sur le Teamspeak Barbie
8.3%
Qui est le meilleur Ember ? un random pub en 4+1
41.7%
Zboub car il est swagy
16.7%
Tiguespa car il a battu pizza en 1v1
0%
Pizza car il le spam
25%
Quel héros ne fait pas partie de la compo ' spéciale Barbie ' ? Drow
41.7%
Treant
8.3%
AA
16.7%
Magnus
8.3%
11 games pour 18% de WR, tiguespa est vraiment inutile avec ? IO
41.7%
Meepo
0%
Chen
16.7%
Earth Spirit
8.3%
Quel pick suffit à faire déconnecter Raccon de teamspeak ? Techies
33.3%
Riki
8.3%
Le fameux random meepo
8.3%
Le fameux re-random Meepo
33.3%
27 games, 14% de WR je suis le pire héro de Khao, qui suis je ? Lone Druid
33.3%
Invoker
8.3%
Meepo
8.3%
Techies
16.7%
Qui est incollable sur la reine de neiges et sa musique ? Zone
33.3%
Pizza
8.3%
Khao
8.3%
Onion
25%
Qui est le plus gros CyberGangster du crew ta vue ! ? Zboubanie avec le mute into ragequit
33.3%
Tiguespa avec le whine min 0,
16.7%
Khao avec le niveau 5 min 40
16.7%
Pizza qui n’écoute pas les builds et n'écoute pas tout courts enfaite
16.7%
58 games pour 74% de WR je suis un mid de tiguespa qui suis je ? Treant
33.3%
Alchemist
8.3%
Kunkka
16.7%
SF
8.3%
Qui a prit un crédit pour les compendiums ? Les trois
25%
Khao
0%
Eme
41.7%
PIzza
0%
Qui aime la catégorie '/shemale' sur la toile ? Alpha
25%
Raccon
25%
Khao
16.7%
Eme
8.3%
Qui pense être un bon joueurs de mid ? mais la réalité est différente Tiguespa
16.7%
Alpha
16.7%
Khao
41.7%
Zboub
0%
Je suis un Oracle , il ma jouer 11 fois et a un WR de 9% à qui je suis ? Onion
8.3%
Zone
33.3%
Zboub
16.7%
un random du dotabuff
8.3%
Qui est ce qui est jaune et qui attend ? Un poussin
0%
Un citron pas pressé
16.7%
Jonathan
66.7%

You're not logged in!

Compare scores with friends on all Sporcle quizzes.
OR
Log In

You Might Also Like...

Show Comments

Extras

Created Aug 23, 2017ReportNominate
Tags:barbie, dota, entre, les, nou

Top Quizzes Today


Score Distribution

Your Account Isn't Verified!

In order to create a playlist on Sporcle, you need to verify the email address you used during registration. Go to your Sporcle Settings to finish the process.

Report this User

Report this user for behavior that violates our Community Guidelines.

Details: